| 000 | 00391cam a2200181 4500 | ||
|---|---|---|---|
| 001 | D11921 | ||
| 008 | 090401t1934 xxu||||| |||| 00| 0 eng d | ||
| 035 | _a(Sirsi) u270 | ||
| 041 | _aeng | ||
| 100 | _aAdkin, B. W. | ||
| 245 | _aLocal taxation | ||
| 250 | _a3rd | ||
| 260 |
_aLondon _bEstates Gazette _c1934 |
||
| 350 | _a0 | ||
| 520 | _aShelf 303 | ||
| 942 | _n0 | ||
| 948 | _c04/03/1997 | ||
| 999 |
_c85512 _d85512 |
||